Southville International School and Colleges
Your cart is empty.
  • Cart
  • Lists
    Public lists Eva Luna New books Lux_list list_1
    Your lists Log in to create your own lists
  • Log in to your account
  • Your cookies
  • Search history
Southville International School and Colleges
  • Advanced search
  • Recent comments
  • Most popular
  • Libraries

Log in to your account

Log in with GOOGLE


If you do not have an external account, but do have a local account, you can still log in:

  1. Home
  2. MARC view: The ADHD toolkit /
Normal view MARC view ISBD view

The ADHD toolkit / (Record no. 24662)

[ view plain ]
MARC details
000 -LEADER
fixed length control field 00574nam a2200205 a 4500
005 - DATE AND TIME OF LATEST TRANSACTION
control field 20140310183533.0
008 - FIXED-LENGTH DATA ELEMENTS--GENERAL INFORMATION
fixed length control field 111116s19uu xx 00 eng d
020 ## - INTERNATIONAL STANDARD BOOK NUMBER
International Standard Book Number 9781848601840
050 ## - LIBRARY OF CONGRESS CALL NUMBER
Classification number LC 4713.2
Item number .W44 2010
100 ## - MAIN ENTRY--PERSONAL NAME
Personal name Wheeler, Linda
245 ## - TITLE STATEMENT
Title The ADHD toolkit /
Statement of responsibility, etc Linda Wheeler.
260 ## - PUBLICATION, DISTRIBUTION, ETC. (IMPRINT)
Place of publication, distribution, etc London :
Name of publisher, distributor, etc Sage,
Date of publication, distribution, etc 2010.
300 ## - PHYSICAL DESCRIPTION
Extent 135 p. :
Other physical details ill. ;
Dimensions 31 cm.
521 ## - TARGET AUDIENCE NOTE
Target audience note
650 ## - SUBJECT ADDED ENTRY--TOPICAL TERM
Topical term or geographic name as entry element Attention-deficit-disordered children
General subdivision Education
650 ## - SUBJECT ADDED ENTRY--TOPICAL TERM
Topical term or geographic name as entry element Attention-deficit hyperactivity
942 ## - ADDED ENTRY ELEMENTS (KOHA)
Koha item type Books
Source of classification or shelving scheme Library of Congress Classification
Call number prefix Foreign
Holdings
Withdrawn status Lost status Source of classification or shelving scheme Damaged status Home library Current library Shelving location Date acquired Source of acquisition Cost, normal purchase price Total Checkouts Full call number Barcode Date last seen Copy number Price effective from Koha item type
    Library of Congress Classification   College Library College Library General Circulation Section 11/22/2011 Donation 3399.00   LC 4713.2 .W44 2010 C14174 05/15/2018 1 10/18/2013 Books
    Library of Congress Classification   College Library College Library General Circulation Section 01/22/2014 Donation     LC 4713.2 .W44 2010 C13035 05/15/2018 2 01/22/2014 Books

The ADHD toolkit /

APA

Wheeler L., . (2010). The ADHD toolkit. London: Sage.

Chicago

Wheeler Linda, . 2010. The ADHD toolkit. London: Sage.

Harvard

Wheeler L., . (2010). The ADHD toolkit. London: Sage.

MLA

Wheeler Linda, . The ADHD toolkit. London: Sage. 2010.

  • Place hold
  • Print
  • Cite
  • Add to your cart (remove)
  • Save record
    BIBTEX Dublin Core MARCXML MARC (non-Unicode/MARC-8) MARC (Unicode/UTF-8) MARC (Unicode/UTF-8, Standard) MODS (XML) RIS
  • More searches
    Search for this title in:
    Other Libraries (WorldCat) Other Databases (Google Scholar) Online Stores (Bookfinder.com) Open Library (openlibrary.org)

Exporting to Dublin Core...

SOUTHVILLE LIBRARY

Southville International School and Colleges Library

1281 Tropical Ave. Cor. Luxembourg St., BF Homes International, Las Pinas City

Tel. No. 8256374 / 252358 Loc. 117/146

Powered by Koha